Estatísticas para Noruega

Clique aqui para jogar o quiz

Estatísticas Gerais

  • Esse quiz foi jogado 23 vezes
  • A pontuação média é 5 de 11

Estatísticas das Respostas

HintResposta% Correto
Onde fica?Europa
100%
Qual é o seu código ISO?NOR
100%
Qual é o seu idioma?Norueguês
95%
Qual é a sua capital?Oslo
95%
Que peixe muito utilizado na cozinha é pescado neste país?Bacalhau
47%
Qual é a sua moeda?Coroa norueguesa
37%
Que tipo de sushi inventaram os noruegueses?Sushi com salmão
32%
Qual é o desporto mais praticado?Esqui
21%
Qual é a sua religião?Luteranismo
11%
Qual é o tipo de música mais ouvido do país?Heavy metal
5%
Que ilha do país é considerada a mais remota do mundo?Bouvet Island
0%

Distribuição das Pontuações

Percentil de Números Respondidos

Porcentagem de Pessoas com Cada Pontuação

Sua Pontuação Histórica

Você não jogou esse quiz